| 000 | 00417nam a2200157Ia 4500 | ||
|---|---|---|---|
| 008 | 210716s2013 xx 000 0 und d | ||
| 020 | _a9788131519455 | ||
| 041 | _aeng | ||
| 082 | _a658.4092 ACHC | ||
| 100 | _aAchua, Christopher F;Lussier, Robert N. | ||
| 245 | _aEffective leadership. | ||
| 250 | _a5 | ||
| 260 |
_aNew Delhi _bCengage Learning India Pvt Ltd _c2013 |
||
| 300 | _axxx,534 | ||
| 650 | _aLeadership | ||
| 999 |
_c208780 _d208780 |
||